Basic Computer Engineering: (Record no. 181915)

MARC details
000 -LEADER
fixed length control field 00554nam a22001937a 4500
005 - DATE AND TIME OF LATEST TRANSACTION
control field 20220216143130.0
010 ## - LCCN (DPL NO)
LC control number ENG-130025
020 ## - INTERNATIONAL STANDARD BOOK NUMBER
Terms of availability 275.00
International Standard Book Number 139780071072618
035 ## - SYSTEM CONTROL NUMBER
System control number EN-113557
037 ## - SOURCE OF ACQUISITION
Source of stock number/acquisition DBAD/PUB
082 ## - DEWEY DECIMAL CLASSIFICATION NUMBER
Classification number 621.39
100 ## - MAIN ENTRY--PERSONAL NAME
Personal name Balagurusamy E
245 ## - TITLE STATEMENT
Title Basic Computer Engineering:
Statement of responsibility, etc Balagurusamy E
250 ## - EDITION STATEMENT
Edition statement 2011
260 ## - PUBLICATION, DISTRIBUTION, ETC. (IMPRINT)
Name of publisher, distributor, etc TataMcGraw Hill Education Private Limited
Place of publication, distribution, etc New Delhi
270 ## - ADDRESS
Address 7 West Patel Nagar
City Delhi
Postal code 110008
300 ## - PHYSICAL DESCRIPTION
Extent xvi,B.42
Dimensions 22 cm (pbk)
942 ## - ADDED ENTRY ELEMENTS (KOHA)
Source of classification or shelving scheme Dewey Decimal Classification
Item type English Books
Classification part 621.39
Call number suffix BAL
Holdings
Withdrawn status Lost status Not for loan Collection code Home library Current library Date acquired Source of acquisition Cost, normal purchase price Full call number Barcode Copy number Cost, replacement price Koha item type
      Non-fiction Bawana Bawana 11/10/2021 DBAD/PUB 275.00 621.39 EN-113557 1 275.00 English Books

© Delhi Public Library
Hit Counter
free hit counter